000 01000nam a2200277Ia 4500
001 21891
005 20260320113322.0
008 260320s9999||||xx |||||||||||||| ||und||
020 _a9786074818109
041 _aESP
082 _a658.022
_bL565
100 _aLongenecker, Justin G.,
_eAUT
245 0 _aAdministración de pequeñas empresas :
_blanzamiento y crecimiento de iniciativas de emprendimiento
246 _a
_5
_b
250 _aDecimosexta edición
260 _aMéxico D. F. :
_bCengage Learning,
_c2012
300 _axxiv, 782 páginas :
_bfiguras ;
_c27 cm.
_e
440 _a
_n
_v
500 _aNo tiene portada / Datos extraídos de Worldcat
650 _aTCA
653 _aAdministración; Administración general - Pequeñas empresas
654 _aCAN
700 _aPetty, J. William; Palich, Leslie; Hoy, Frank,
_cAUTS
856 _uhttps://ebooks7-24-com.ucsp.lookproxy.com/stage.aspx?il=&pg=&ed=
_zVéase además: Base de datos Ebook7-24
942 _cLIB
_dJUS
_fTRC
_2ddc
_n
999 _c21891
_d21891